|
|
|
|
| LEADER |
00000naa a2200000uu 4500 |
| 001 |
vtls010946738 |
| 003 |
SK-MaSNL |
| 005 |
20260302122107.0 |
| 008 |
210909|2001 xo |||||||||||||||||slo| |
| 015 |
|
|
|a SNBRA
|
| 035 |
|
|
|a (urnnbn)urn:nbn:sk:snk:ar-a0bgb7
|
| 035 |
|
|
|a (uuid)b0912b50-c843-4581-be50-eff1ee6163ff
|
| 035 |
|
|
|a urn:nbn:sk:snk-aau8fq
|
| 040 |
|
|
|a SNKBUCL
|b slo
|c SNKBUCL
|e AACR2
|
| 041 |
0 |
|
|a slo
|
| 044 |
|
|
|a xo
|c SK
|
| 100 |
1 |
|
|a Bobrová, Eva
|4 aut
|9 9620
|
| 245 |
1 |
0 |
|a VÝROBA INTERMETALICKÝCH ZLIATIN CESTOU PM A ICH HLAVNÉ CHARAKTERISTIKY
|c Eva Bobrová, Michal Besterci
|
| 700 |
1 |
|
|a Besterci, Michal,
|d 1937-
|4 aut
|9 114555
|
| 773 |
0 |
|
|t Konštrukčné materiály 2001
|d Košice : Technická univerzita, 2001, 2001
|g S. 40-43
|z 8070996587
|
| 958 |
|
|
|a OND
|
| 958 |
|
|
|a article11
|
| 958 |
|
|
|a chapter
|
| 999 |
|
|
|c 1276521
|d 1278451
|